Didáctica de las ciencias sociales en la formación del profesorado : perspectivas y enfoques actuales /

Guardado en:
Autor Principal: Jara, Miguel Angel
Otros Autores: Funes, Graciela ; comp., Barco, Susana, Santisteban, Antoni, Pages, Joan, Garino, Alicia, Silva, Nora, Tagliavini, Gabriela, Monzón, Graciela, Arangue, Diego, Andreozzi, Gabriela, Garcia soler, Silvina, Muñoz, Maria Esther
Formato: Libro
Publicado: Cipoletti : del autor, 2016
Series:Formación
Materias:
Etiquetas: Agregar Etiqueta
Sin Etiquetas, Sea el primero en etiquetar este registro!
LEADER 02616nam a22003975a 4500
001 CEM.cems014738
005 20161018155514.0
008 130507s2016##################000#0#####d
003 CEMS
020 |a 9789874219459 
082 0 4 |a 372.83 
100 1 |a Jara, Miguel Angel 
245 1 0 |a Didáctica de las ciencias sociales en la formación del profesorado :  |b perspectivas y enfoques actuales /  |c Compilado Por Miguel Angel Jara y Graciela Funes ; miguel Angel Jara ... y Otros 
260 |a Cipoletti :  |b del autor,  |c 2016 
300 |a 254 p. + CD-DVD 
490 0 |a Formación 
505 0 |a Documentos curriculares: los programas como herramientas compartidas / Susana Barco -- Didáctica de las Ciencias Sociales desde una perspectiva y enfoque de la Educación Ciudadana / Miguel Angel Jara y Graciela Funes -- La historia y la enseñanza de la historia. Un punto de vista desde la didáctica de la historia y de las ciencias sociales / Antoni Santsteban y Joan Pages -- Formar para enseñar ciencias sociales desde la perspectiva de la educación ciudadana en la escuela primaria / Alicia Garino -- La interculturalidad en la formación inicial del profesorado. Experiencias en contextos / Nora Silva -- La movilidad territorial de las poblaciones: reflexiones por su abordaje en la escuela primaria / Gabriela Tagliavini -- Enseñar ciencias sociales desde los problemas socioambientales / Graciela Beatriz Monzón -- La historia reciente/presente desde la perspectiva de género en la formación del profesorado / Diego Arangue -- ¿Es posible problematizar nuestra forma de mirar un mapa? Las representaciones acerca del discurso cartográfico. Propuesta para su abordaje / Gabriela Andreozzi -- Educación ambiental: el abordaje de un problema ambiental local. Un dispositivo para la formación permanente / Silvina Garcia Soler -- La ciudad: un enfoque para la formación del profesorado en didáctica de las ciencias sociales / María Esther Muñoz 
653 |a Educación 
653 |a Pedagogía 
653 |a Ciencias sociales 
653 |a Didáctica 
653 |a Didáctica de las ciencias sociales 
653 |a Formación docente 
700 1 |a Funes, Graciela ; comp. 
700 1 |a Barco, Susana 
700 1 |a Santisteban, Antoni 
700 1 |a Pages, Joan 
700 1 |a Garino, Alicia 
700 1 |a Silva, Nora 
700 1 |a Tagliavini, Gabriela 
700 1 |a Monzón, Graciela 
700 1 |a Arangue, Diego 
700 1 |a Andreozzi, Gabriela 
700 1 |a Garcia soler, Silvina 
700 1 |a Muñoz, Maria Esther 
859 |a CEMS  |b BIB. CEMS - 11 de abril  |h 372.83  |i J28  |p 27331.16  |t Ej.1